| 000 | 00552nam a2200133Ia 4500 | ||
|---|---|---|---|
| 008 | 171212s9999 xx 000 0 und d | ||
| 020 | _a9780833043979 | ||
| 100 | _aGroves, David G.;Griffin, James;Hajiamiri, Sara | ||
| 245 |
_cGroves, David G.;Griffin, James;Hajiamiri, Sara _aEstimating the Value of Water-Use Efficiency in the Intermountain West |
||
| 260 |
_bRAND Corporation _c2008 |
||
| 650 | _aPolitical Science | ||
| 650 | _aWater resources development -- California; Water-supply -- California | ||
| 856 | _uwww.jstor.org/stable/10.7249/tr504hf | ||
| 999 |
_c352019 _d352019 |
||